| 000 | 00666nam a2200205 a 4500 | ||
|---|---|---|---|
| 005 | 20210223124932.0 | ||
| 008 | 030513s2000 mx r 000 0 spa d | ||
| 020 | _a9291490660 | ||
| 035 | _aUPN01000124059 | ||
| 049 | _aCG | ||
| 050 | 4 |
_aGV721.2 _bC6.6 |
|
| 100 | 1 |
_aCoubertin, Pierre de, _d1863-1937 _923648 |
|
| 245 | 1 | 0 |
_aOlimpism : _bselected writings / _cPierre de Coubertin ; ed. Norbert Müller. |
| 260 |
_aLausanne, Swi. : _bInternational Olympic Committee, _c2000. |
||
| 300 |
_a862 p. : _bil. |
||
| 650 | 4 |
_aJUEGOS OLIMPICOS - _xHISTORIA |
|
| 650 | 4 |
_aJUEGOS OLIMPICOS - _xRESTAURACION, 1896 |
|
| 710 | 2 | _aInternational Olympic Committee | |
| 905 | _aLibro | ||
| 999 |
_c96238 _d96238 |
||